Vista normal Vista MARC
  • Anna, Timothy E.,

Entrada Nombre personal

Número de registros utilizados en: 1

001 - NÚMERO DE CONTROL

  • campo de control: 5980

003 - IDENTIFICADOR DEL NÚMERO DE CONTROL

  • campo de control: OSt

005 - FECHA Y HORA DE LA ÚLTIMA TRANSACCIÓN

  • campo de control: 20250528091650.0

008 - DATOS DE LONGITUD FIJA

  • campo de control de longitud fija: 250528|| aca||aabn | a|a d

040 ## - FUENTE DE LA CATALOGACIÓN

  • Centro catalogador/agencia de origen: OSt
  • Centro/agencia transcriptor: OSt

100 ## - ENCABEZAMIENTO-NOMBRE DE PERSONA

  • Nombre de persona: Anna, Timothy E.,
  • Fechas asociadas al nombre: 1944-

670 ## - FUENTE DE DATOS ENCONTRADOS

  • Cita de la fuente: Work cat.: (OSt): Anna, Timothy E., 1944-, La caída del gobierno español en el Perú :, 2003

Escuela Nacional de Archivística
Biblioteca ENA
Copyright©2019. Todos los derechos reservados.
Contáctanos

Con tecnología Koha